Statistics for Poorest US Cities

Click here to take the quiz!

General Stats

  • This quiz has been taken 333 times
  • The average score is 6 of 11

Answer Stats

%City% Correct
48Detroit
91%
33.2Baltimore
70%
34.9Memphis
66%
36.4Philadelphia
57%
36.5Milwaukee
55%
29Boston
44%
29.1Indianapolis
44%
29Louisville
44%
30.7El Paso
40%
34.8Tucson
23%
31.4Fresno
20%

Score Distribution

Percentile by Number Answered

Percent of People with Each Score

Your Score History

You have not taken this quiz